000 00973cam a2200253 i 4500
003 SA-RiAUC
005 20250713062102.0
008 250713s1987 ua g 0000p ara c
040 _aSA-RiAUC
_bara
_cSA-RiAUC
_erda
082 0 4 _a811.9
090 _a811.9
_b ك ا ش
100 1 _aالكاشف، أحمد،
_d1878-1948
_eمؤلف.
245 1 0 _aديوان الكاشف /
_cتحقيق وتعليق محمد إبراهيم الجيوشي.
264 1 _aالقاهرة :
_bالهيئة المصرية العامة للكتاب،
_c1987
300 _a541 صفحة ؛
_c24 سم
336 _aنص
_btxt
_2rdacontent
_3كتاب
337 _aبدون وسيط
_bn
_2rdamedia
338 _aمجلد
_bnc
_2rdacarrier
600 1 4 _aالكاشف، أحمد،
_d1878-1948
_2aucnm
650 7 _aالشعر العربي
_yقرن 20
_2aucsh
700 1 _aالجيوشي، محمد إبراهيم
_eمحقق.
942 _2ddc
_cBOOK
_n0
949 _aSA-JeALM
_d250713
_umohamedma123
_n1
999 _c9837
_d9837